| 000 | 00812nam a2200193Ii 4500 | ||
|---|---|---|---|
| 003 | JO-AjNU | ||
| 008 | 230605s9999||||xx |||||||||||||| ||und|| | ||
| 040 |
_aJO-AjNU _bara _erda _cJO-AjNU |
||
| 041 | _aara | ||
| 050 | 1 | 4 | _aBP134.E8.K2 1982 |
| 100 | 3 |
_aدحالة، زهير محمد شريف؛ تدقيق محمود خضر الكيلاني, _eauthor _914619 |
|
| 245 | 0 | 0 | _aالقرآن الكريم: رؤية تربوية: كتاب يبحث في المغازي التربوية للآيات القرآنية، ج1 |
| 264 | 3 | 1 | _aعمان: دار الفكر ناشرون وموزعون،1982 |
| 300 | _aج1: 223ص | ||
| 336 |
_atext _btxt _2rdacontent |
||
| 337 |
_aunmediated _bn _2rdamedia |
||
| 338 |
_avolume _bnc _2rdacarrier |
||
| 650 | 4 |
_aاخلاق اسلامية-اداب العشرة-الصحبة _914620 |
|
| 999 |
_aA3941 _c7509 _d7509 |
||